Production Technology vol I (Record no. 6850)

MARC details
000 -LEADER
fixed length control field 00293nam a2200121Ia 4500
008 - FIXED-LENGTH DATA ELEMENTS--GENERAL INFORMATION
fixed length control field 191201s2018 xx 000 0 und d
100 ## - MAIN ENTRY--PERSONAL NAME
Personal name Moinikunta, Sreeramulu
245 #0 - TITLE STATEMENT
Title Production Technology vol I
260 ## - PUBLICATION, DISTRIBUTION, ETC. (IMPRINT)
Name of publisher, distributor, etc wiley pub.
Date of publication, distribution, etc 2018
300 ## - PHYSICAL DESCRIPTION
Extent 370
650 ## - SUBJECT ADDED ENTRY--TOPICAL TERM
Topical term or geographic name as entry element B.Tech(ME)
942 ## - ADDED ENTRY ELEMENTS (KOHA)
Source of classification or shelving scheme Dewey Decimal Classification
Koha item type Text Books
Holdings
Withdrawn status Lost status Source of classification or shelving scheme Damaged status Not for loan Collection code Home library Current library Date acquired Source of acquisition Cost, normal purchase price Bill Number Total Checkouts Full call number Acc. no. / Barcode Date last seen Actual Cost, discounted price Bill Date Koha item type
    Dewey Decimal Classification     B.Tech(ME) PIET C-LIBRARY PIET C-LIBRARY 21/07/2020 Kirti Prakashan 449.00 IN3897   670 MOP 30551 04/12/2019 305.32 16/05/2019 Text Books
    Dewey Decimal Classification     B.Tech(ME) PIET C-LIBRARY PIET C-LIBRARY 21/07/2020 Kirti Prakashan 449.00 IN3897   670 MOP 30552 04/12/2019 305.32 16/05/2019 Text Books
    Dewey Decimal Classification     B.Tech(ME) PIET C-LIBRARY PIET C-LIBRARY 21/07/2020 Kirti Prakashan 449.00 IN3897   670 MOP 30553 04/12/2019 305.32 16/05/2019 Text Books
    Dewey Decimal Classification     B.Tech(ME) PIET C-LIBRARY PIET C-LIBRARY 21/07/2020 Kirti Prakashan 449.00 IN3897   670 MOP 30554 04/12/2019 305.32 16/05/2019 Text Books
    Dewey Decimal Classification     B.Tech(ME) PIET C-LIBRARY PIET C-LIBRARY 21/07/2020 Kirti Prakashan 449.00 IN3897   670 MOP 30555 04/12/2019 305.32 16/05/2019 Text Books

Design & Developed by: PIET Central Library
R70 Miles Stone Pattikalyana Samalkha Panipat 132102
mail ID :- [email protected], Phone No:- 0180-2569700 Ex.216